| 000 | 00376nam a2200169Ia 4500 | ||
|---|---|---|---|
| 003 | LK-CoDNM | ||
| 005 | 20240726095345.0 | ||
| 008 | 010623t1932 xxu||||| |||| 00| 1 eng d | ||
| 040 |
_aLK-CoDNM _dLK-CoDNM _eLK-CoDNM |
||
| 041 | _aeng | ||
| 080 |
_a14 _bAA27 |
||
| 100 | _aJ.Seelig. | ||
| 245 | _aSiamese Music | ||
| 260 | _c1932 | ||
| 300 | _b152p. ; 30 cm | ||
| 942 | _cBK | ||
| 999 |
_c96159 _d96159 |
||